[Event "PRO League Group Stage"]
[Site "chess.com INT"]
[Date "2018.01.31"]
[Round "3"]
[White "Izoria, Zviad"]
[Black "Foisor, Sabina-Francesca"]
[Result "1/2-1/2"]
[WhiteTitle "GM"]
[BlackTitle "WGM"]
[WhiteElo "2599"]
[BlackElo "2326"]
[WhiteTeam "San Jose Hackers"]
[BlackTeam "Dallas Destiny"]
[WhiteFideId "13601733"]
[BlackFideId "1212915"]
[EventDate "2018.01.18"]

1. c4 e6 2. Nc3 d5 3. d4 Nf6 4. Nf3 Be7 5. Qc2 O-O 6. cxd5 exd5 7. Bg5 c6 8. e3
Ne4 9. Nxe4 dxe4 10. Bxe7 Qxe7 11. Nd2 f5 12. Bc4+ Kh8 13. O-O Nd7 14. f3 exf3
15. Nxf3 Qxe3+ 16. Kh1 Nf6 17. Rae1 Qh6 18. Ne5 Qh5 19. Qb3 b5 20. Bf7 Qh4 21.
Qa3 b4 22. Qxb4 Ba6 23. Bc4 Qxd4 24. b3 c5 25. Qa5 Bxc4 26. Nxc4 Ne4 27. Re2
Rae8 28. Qe1 Qc3 29. Qxc3 Nxc3 30. Rc2 Ne4 31. g3 g6 32. Kg2 Kg7 33. Na5 Rd8 34.
Nb7 Rd5 35. Rfc1 Re8 36. Kg1 Ree5 37. Re1 Kf6 38. Na5 a6 39. Nc4 Re7 40. Rce2
Rdd7 41. g4 Ng5 42. Rxe7 Rxe7 43. Rxe7 Kxe7 44. gxf5 gxf5 45. Kf2 Ke6 46. Ke3
Ne4 47. Kf4 Nc3 48. a3 h6 49. h4 Ne2+ 50. Ke3 Nd4 51. b4 Nc2+ 52. Kd3 Nxa3 53.
Nxa3 cxb4 54. Nc2 Ke5 55. Nxb4 Kf4 56. Nxa6 Kg4 57. Nc5 Kxh4 58. Ke3 Kg3 59. Ne6
h5 60. Nf4 h4 61. Ne2+ Kg2 62. Nf4+ Kg3 63. Ne2+ Kg4 64. Nf4 h3 65. Nxh3 Kxh3
66. Kf4 Kg2 67. Kxf5 1/2-1/2

[Event "PRO League Group Stage"]
[Site "chess.com INT"]
[Date "2018.01.31"]
[Round "3"]
[White "Izoria, Zviad"]
[Black "Holt, Conrad"]
[Result "1-0"]
[WhiteTitle "GM"]
[BlackTitle "GM"]
[WhiteElo "2599"]
[BlackElo "2578"]
[WhiteTeam "San Jose Hackers"]
[BlackTeam "Dallas Destiny"]
[WhiteFideId "13601733"]
[BlackFideId "2034387"]
[EventDate "2018.01.18"]

1. c4 c6 2. e4 d5 3. exd5 cxd5 4. cxd5 Nf6 5. Nc3 Nxd5 6. Nf3 e6 7. d4 Bb4 8.
Qc2 Nc6 9. Bd3 Ba5 10. Be2 O-O 11. O-O Nce7 12. Bg5 h6 13. Bh4 Bxc3 14. bxc3 Qc7
15. Rfc1 Nf5 16. Bg3 Nxg3 17. hxg3 b6 18. c4 Nf6 19. a4 Bb7 20. a5 Rfd8 21. axb6
axb6 22. Qb2 Nd7 23. Ra3 Rxa3 24. Qxa3 Nf6 25. Qb2 Nd7 26. Rd1 Bxf3 27. gxf3 Nb8
28. f4 Nc6 29. d5 Na5 30. Qe5 Qc8 31. Qe4 exd5 32. cxd5 Re8 33. Qf3 Nb7 34. d6
Rd8 35. Ba6 Rd7 36. Bxb7 Rxb7 37. Qxb7 1-0

[Event "PRO League Group Stage"]
[Site "chess.com INT"]
[Date "2018.01.31"]
[Round "3"]
[White "Smeets, Jan"]
[Black "Meier, Georg"]
[Result "1/2-1/2"]
[WhiteTitle "GM"]
[BlackTitle "GM"]
[WhiteElo "2608"]
[BlackElo "2647"]
[WhiteTeam "Amsterdam Mosquitoes"]
[BlackTeam "Stockholm Snowballs"]
[WhiteFideId "1007246"]
[BlackFideId "4675789"]
[EventDate "2018.01.18"]

1. e4 e6 2. d4 d5 3. exd5 exd5 4. Nf3 Nf6 5. Bd3 Be7 6. O-O Bg4 7. Re1 O-O 8.
Nbd2 Bh5 9. Nf1 Bg6 10. Ng3 Re8 11. Ne5 c5 12. Bb5 Nbd7 13. Bg5 a6 14. Bxf6 axb5
15. Bxe7 Rxe7 16. Nxd7 Qxd7 17. dxc5 Rxe1+ 18. Qxe1 d4 19. Qd2 Qd5 20. b4 Rxa2
21. Rxa2 Qxa2 22. Qxd4 Qb1+ 23. Nf1 h5 24. f3 Qxc2 25. h4 Qe2 26. Ne3 f6 27. Nd5
Bf7 28. Nc3 Qe1+ 29. Kh2 Bc4 30. Qe4 Qxc3 31. Qe8+ Kh7 32. Qxh5+ Kg8 33. Qe8+
Kh7 34. Qh5+ Kg8 35. Qe8+ Kh7 36. Qh5+ 1/2-1/2

[Event "PRO League Group Stage"]
[Site "chess.com INT"]
[Date "2018.01.31"]
[Round "3"]
[White "Smeets, Jan"]
[Black "Agrest, Inna"]
[Result "1-0"]
[WhiteTitle "GM"]
[BlackTitle "WIM"]
[WhiteElo "2608"]
[BlackElo "2280"]
[WhiteTeam "Amsterdam Mosquitoes"]
[BlackTeam "Stockholm Snowballs"]
[WhiteFideId "1007246"]
[BlackFideId "1708830"]
[EventDate "2018.01.18"]

1. e4 e5 2. Nf3 Nc6 3. Bb5 a6 4. Ba4 Nf6 5. O-O Bc5 6. d3 b5 7. Bb3 d6 8. c3 h6
9. Nbd2 O-O 10. h3 Bb6 11. Re1 Ne7 12. Nf1 Ng6 13. Ng3 Be6 14. Bc2 Qc8 15. d4 c6
16. Nf5 Rd8 17. N3h4 Nxh4 18. Ne7+ 1-0

[Event "PRO League Group Stage"]
[Site "chess.com INT"]
[Date "2018.01.31"]
[Round "3"]
[White "Xiong, Jeffery"]
[Black "Chirila, Ioan-Cristian"]
[Result "1-0"]
[WhiteTitle "GM"]
[BlackTitle "GM"]
[WhiteElo "2634"]
[BlackElo "2557"]
[WhiteTeam "Dallas Destiny"]
[BlackTeam "San Jose Hackers"]
[WhiteFideId "2047640"]
[BlackFideId "1211668"]
[EventDate "2018.01.18"]

1. e4 e5 2. Nf3 Nc6 3. Bc4 Nf6 4. d3 Bc5 5. O-O d6 6. c3 a6 7. Re1 O-O 8. h3 h6
9. Bb3 Re8 10. Nbd2 Be6 11. Nf1 d5 12. exd5 Bxd5 13. Ng3 Qd7 14. Ne4 Nxe4 15.
dxe4 Be6 16. Qxd7 Bxd7 17. Bd5 Nd8 18. b4 Bd6 19. Be3 Bc6 20. Bxc6 Nxc6 21. Nd2
Be7 22. a4 Bg5 23. Bxg5 hxg5 24. Kf1 f6 25. Nb3 b6 26. a5 Red8 27. Ke2 Kf7 28.
Ra2 bxa5 29. Nxa5 Nxa5 30. Rxa5 Rd6 31. Rc5 c6 32. Ra1 Rad8 33. Ra2 R8d7 34.
Rca5 Rd3 35. Rc2 Rd1 36. Rxa6 c5 37. bxc5 Rb1 38. Rb6 Ra1 39. c6 Rc7 40. Kd3 Ke6
41. Kc4 Ra4+ 42. Kb5 Rxe4 43. Rb7 Rc8 44. Rd2 Re1 45. c7 Ke7 46. Kc6 Rc1 47.
Rd7+ Ke8 48. Rb3 1-0

[Event "PRO League Group Stage"]
[Site "chess.com INT"]
[Date "2018.01.31"]
[Round "3"]
[White "Xiong, Jeffery"]
[Black "Izoria, Zviad"]
[Result "1-0"]
[WhiteTitle "GM"]
[BlackTitle "GM"]
[WhiteElo "2634"]
[BlackElo "2599"]
[WhiteTeam "Dallas Destiny"]
[BlackTeam "San Jose Hackers"]
[WhiteFideId "2047640"]
[BlackFideId "13601733"]
[EventDate "2018.01.18"]

1. d4 Nf6 2. c4 g6 3. g3 c5 4. d5 b5 5. cxb5 a6 6. bxa6 Bg7 7. Bg2 d6 8. Nf3 O-O
9. Nc3 Nbd7 10. O-O Nb6 11. Bf4 Nc4 12. Nd2 Bxa6 13. Nxc4 Bxc4 14. Qd2 Re8 15.
Rfc1 Qa5 16. b3 Ba6 17. Rab1 Nd7 18. Bh6 Bh8 19. h4 Ne5 20. Bh3 Ra7 21. h5 Rb8
22. Bg5 Qd8 23. Ne4 Bc8 24. Bxc8 Qxc8 25. b4 Rab7 26. a3 Qh3 27. hxg6 Ng4 28.
gxf7+ Kf8 29. e3 Qh2+ 30. Kf1 Qh1+ 31. Ke2 Qxe4 32. f3 Qg6 33. e4 Ne5 34. Rh1
Nxf7 35. Bf4 Be5 36. Kf2 Ra8 37. bxc5 Rxb1 38. Rxb1 dxc5 39. Kg2 Bxf4 40. Qxf4
Rxa3 41. Qb8+ Nd8 42. Qxd8+ Kf7 43. Qb6 Ra2+ 44. Kf1 Qxb6 45. Rxb6 c4 46. Rc6
Rc2 47. Ke1 c3 48. g4 Rc1+ 49. Ke2 c2 50. g5 Ke8 51. f4 Kd7 52. e5 Kd8 53. e6 h6
54. gxh6 Rh1 55. Rxc2 Rxh6 56. Ke3 Rh1 57. Ke4 Rd1 58. Rc5 Re1+ 59. Kf5 Rd1 60.
Kg6 Rg1+ 61. Kf7 Rf1 62. Rc4 Rf2 63. d6 1-0

[Event "PRO League Group Stage"]
[Site "chess.com INT"]
[Date "2018.01.31"]
[Round "3"]
[White "Friedel, Joshua"]
[Black "Kuybokarov, Temur"]
[Result "0-1"]
[WhiteTitle "GM"]
[BlackTitle "IM"]
[WhiteElo "2562"]
[BlackElo "2472"]
[WhiteTeam "Las Vegas Desert Rats"]
[BlackTeam "Australia Kangaroos"]
[WhiteFideId "2017199"]
[BlackFideId "14203049"]
[EventDate "2018.01.18"]

1. d4 Nf6 2. c4 e6 3. Nf3 c5 4. g3 cxd4 5. Nxd4 Qc7 6. Bg2 Qxc4 7. O-O Nc6 8.
Nb3 d5 9. Nc3 Be7 10. Bf4 O-O 11. Rc1 Qa6 12. e4 dxe4 13. Nxe4 Nxe4 14. Bxe4 Rd8
15. Qh5 g6 16. Qf3 Bd7 17. Bh6 Rac8 18. Nc5 Nd4 19. Nxa6 Nxf3+ 20. Bxf3 bxa6 21.
Be3 Bb5 22. Rfd1 Rxd1+ 23. Rxd1 Rc2 24. Bd4 Bc5 25. Bxc5 Rxc5 26. b3 Kf8 27. a4
Be8 28. Rd6 Rc3 29. Kg2 a5 30. Ra6 Rxb3 31. Rxa5 Rb4 32. Rxa7 Rxa4 33. Rc7 Rd4
34. h4 Rd7 35. Rc8 Ke7 36. Rc5 f5 37. Ra5 Rd6 38. g4 Bd7 39. gxf5 gxf5 40. Kg3
Kf6 41. Rc5 Be8 42. Rc7 Bf7 43. Rc5 h6 44. Rc7 e5 45. Rc6 Rxc6 46. Bxc6 f4+ 47.
Kg4 Bg6 48. Bd7 Ke7 49. Bc6 Kd6 50. Bb7 Kc5 51. Kf3 Kd4 52. Bc6 Bf7 53. Ke2 Bd5
54. Be8 Be6 55. Kf3 Bf5 56. Bb5 Kc3 57. Ke2 Bg4+ 58. f3 Be6 59. Bc6 Bc4+ 60. Kf2
Kd2 61. Be4 Bd3 62. Bd5 Bf5 63. Bc6 Kd3 64. Bb7 Be6 65. Be4+ Kd4 66. Bb7 Bd5 67.
Bc8 Kd3 68. Bf5+ Kd2 69. Bg6 Bc4 70. Bf5 Bd3 71. Be6 Kc3 72. Bf7 Kd4 73. Be6 Kc5
74. Bf7 Kd6 75. Bh5 Ke7 76. Bg4 Kf6 77. Bd7 Bc4 78. Bg4 Be6 79. Bh5 Bf5 80. Be8
Bg6 81. Bd7 Bf7 82. Bg4 Be6 83. Bh5 Bd7 84. Kg2 Bc8 85. Be8 Ke7 86. Bg6 Kf6 87.
Be8 Be6 88. Kf2 Bf7 89. Bd7 Kg6 90. Bg4 Bc4 91. Kg2 Bd3 92. Kf2 Bf5 93. Bxf5+
Kxf5 94. Ke2 h5 95. Kd3 e4+ 0-1

[Event "PRO League Group Stage"]
[Site "chess.com INT"]
[Date "2018.01.31"]
[Round "3"]
[White "Sheng, Joshua"]
[Black "Sargissian, Gabriel"]
[Result "1/2-1/2"]
[WhiteTitle "IM"]
[BlackTitle "GM"]
[WhiteElo "2392"]
[BlackElo "2677"]
[WhiteTeam "San Diego Surfers"]
[BlackTeam "Seattle Sluggers"]
[WhiteFideId "2057360"]
[BlackFideId "13300881"]
[EventDate "2018.01.18"]

1. d4 Nf6 2. Nc3 d5 3. Bf4 a6 4. e3 e6 5. Bd3 c5 6. dxc5 Bxc5 7. Nf3 Nc6 8. O-O
Bd6 9. Bxd6 Qxd6 10. e4 d4 11. Ne2 e5 12. Nd2 O-O 13. Ng3 g6 14. h3 Be6 15. a3
Rac8 16. Qe2 Kg7 17. Rae1 Nd7 18. Nf3 Nc5 19. Ng5 h6 20. Nxe6+ Nxe6 21. Qg4 Kh7
22. Ne2 h5 23. Qg3 Nf4 24. Nxf4 exf4 25. e5 fxg3 26. exd6 Rcd8 27. Re7 Rxd6 28.
Rxb7 gxf2+ 29. Rxf2 Ne5 30. Re2 Nxd3 31. cxd3 Kg7 32. Rc7 Rb8 33. Kf1 Rb3 34.
Rd2 Rdb6 35. Rd7 Rxb2 36. Rxb2 Rxb2 37. Rxd4 Rd2 38. Ra4 Rxd3 39. Rxa6 h4 40.
Ke2 Rb3 41. a4 Ra3 42. Kf2 f5 43. a5 Kh6 44. Kg1 Kg5 45. Kf1 Ra1+ 46. Kf2 Kh5
47. Ra8 Kg5 48. Ra6 Ra3 49. Kg1 Ra4 50. Kf2 Ra1 51. Ke2 Ra2+ 52. Kf1 f4 53. Ra8
f3 54. gxf3 Kf4 55. Rg8 Kxf3 56. Kg1 Kg3 57. Rxg6+ Kxh3 58. Kh1 Rxa5 59. Rg1 Ra3
60. Rc1 Rf3 61. Rd1 Kg3 62. Rg1+ Kh3 63. Re1 Rf2 64. Re3+ Kg4 65. Re4+ Kg3 66.
Re3+ Kf4 67. Re1 h3 68. Re8 Kg3 69. Rg8+ Kh4 70. Rh8+ Kg3 71. Rg8+ Kh4 72. Rh8+ 1/2-1/2

[Event "PRO League Group Stage"]
[Site "chess.com INT"]
[Date "2018.01.31"]
[Round "3"]
[White "Sheng, Joshua"]
[Black "Tiglon, Bryce"]
[Result "1-0"]
[WhiteTitle "IM"]
[BlackTitle "IM"]
[WhiteElo "2392"]
[BlackElo "2385"]
[WhiteTeam "San Diego Surfers"]
[BlackTeam "Seattle Sluggers"]
[WhiteFideId "2057360"]
[BlackFideId "2087456"]
[EventDate "2018.01.18"]

1. e4 e6 2. d4 d5 3. Nc3 Bb4 4. e5 c5 5. a3 Ba5 6. b4 cxd4 7. Qg4 Kf8 8. Nb5 Bb6
9. Nf3 Nc6 10. Bb2 Nge7 11. Nbxd4 h5 12. Qf4 Ng6 13. Nxc6 bxc6 14. Qd2 Nh4 15.
Nd4 Bd7 16. Nb3 a5 17. Bd4 Bxd4 18. Qxd4 axb4 19. axb4 Rxa1+ 20. Qxa1 Qg5 21.
Nc5 Be8 22. Nd3 Nxg2+ 23. Bxg2 Qxg2 24. Kd2 g6 25. Rg1 Qxh2 26. Qf1 c5 27. Rh1 1-0

[Event "PRO League Group Stage"]
[Site "chess.com INT"]
[Date "2018.01.31"]
[Round "3"]
[White "Van Foreest, Jorden"]
[Black "Lenderman, Aleksandr"]
[Result "1/2-1/2"]
[WhiteTitle "GM"]
[BlackTitle "GM"]
[WhiteElo "2629"]
[BlackElo "2611"]
[WhiteTeam "Montreal Chessbrahs"]
[BlackTeam "Montclair Sopranos"]
[WhiteFideId "1039784"]
[BlackFideId "2021285"]
[EventDate "2018.01.18"]

1. d4 Nf6 2. Bf4 b6 3. Nf3 Bb7 4. e3 e6 5. Nbd2 Bd6 6. c3 Bxf4 7. exf4 O-O 8.
Bd3 c5 9. O-O Qc7 10. g3 cxd4 11. cxd4 Nc6 12. Qe2 Rac8 13. Ne4 Nxe4 14. Qxe4 f5
15. Qe3 Nb4 16. Rac1 Qd6 17. Qe5 Qd5 18. Qxd5 Bxd5 19. Be2 Nxa2 20. Rb1 Rc2 21.
Bd1 Rc7 22. Nd2 Nb4 23. Bf3 Rfc8 24. Bxd5 Nxd5 25. Nf3 Rc2 26. b4 R8c3 27. Nh4
a6 28. Ra1 Nxb4 29. d5 Nxd5 30. Rxa6 Rc1 31. Ra7 Nf6 32. Rb7 Rxf1+ 33. Kxf1 Rb3
34. Kg2 Kf7 35. Nf3 Ke7 36. Nd4 Rb2 37. Nc6+ Kd6 38. Ne5 Rb4 39. h3 b5 40. Kf3
Rb3+ 41. Kg2 h5 42. f3 Rb2+ 43. Kf1 Rb1+ 44. Kf2 Rb2+ 45. Kf1 Rb4 46. Ke2 Rb3
47. g4 hxg4 48. hxg4 Rb2+ 49. Kd1 fxg4 50. fxg4 Rb4 51. g5 Rxf4 52. Nf7+ Ke7 53.
Ne5 Rd4+ 54. Kc2 Rd5 55. gxf6+ gxf6 56. Nc6+ Kd6 57. Nb8 Ke7 58. Nc6+ Ke8 59.
Na7 f5 60. Nxb5 Ke7 61. Nc3 Rd4 62. Ne2 Rg4 63. Kd3 e5 64. Nc3 Rd4+ 65. Ke3 f4+
66. Ke2 Ke6 67. Rb6+ Kf5 68. Nb5 Re4+ 69. Kf2 Re3 70. Nd6+ Kg4 71. Nc4 Rf3+ 72.
Ke2 Rh3 73. Nxe5+ Kf5 74. Nf3 Rh1 75. Rd6 Ra1 76. Rxd7 Ra2+ 77. Nd2 f3+ 78. Kxf3
Ra3+ 79. Ke2 Ke6 80. Rd4 Ra5 81. Nc4 Ra2+ 82. Ke3 Rh2 83. Rd6+ Ke7 84. Ra6 Rh4
85. Ne5 Rh1 86. Ng6+ Kf7 87. Nf4 Ke7 88. Kd4 Rd1+ 89. Nd3 Kf7 90. Ke4 Ke7 91.
Nf4 Re1+ 92. Kf5 Rf1 93. Rb6 Kd7 94. Ke5 Re1+ 95. Kd4 Rd1+ 96. Nd3 Ke7 97. Ra6
Kd7 98. Rh6 Ke7 99. Ke4 Ra1 100. Nf4 Re1+ 101. Kf5 Kd7 102. Nd5 Rf1+ 103. Nf4
Re1 104. Nd3 Rf1+ 105. Ke5 Rg1 106. Kd5 Ke7 107. Re6+ Kf7 108. Ne5+ Kg7 109. Ra6
Rh1 110. Rg6+ Kh7 111. Rg2 Rh6 112. Nd7 Ra6 113. Nf8+ Kh6 114. Ne6 Kh5 115. Ke4
Ra4+ 116. Ke5 Ra5+ 117. Kf6 Kh4 118. Nd4 Ra1 119. Ke5 Rf1 120. Rg8 Kh5 121. Nf5
Re1+ 122. Kf6 Re6+ 123. Kf7 Rf6+ 124. Kxf6 1/2-1/2

[Event "PRO League Group Stage"]
[Site "chess.com INT"]
[Date "2018.01.31"]
[Round "3"]
[White "Van Foreest, Jorden"]
[Black "Smith, Daniel"]
[Result "1-0"]
[WhiteTitle "GM"]
[WhiteElo "2629"]
[BlackElo "2070"]
[WhiteTeam "Montreal Chessbrahs"]
[BlackTeam "Montclair Sopranos"]
[WhiteFideId "1039784"]
[BlackFideId "2024195"]
[EventDate "2018.01.18"]

1. d4 d5 2. Bf4 Nf6 3. Nf3 Bf5 4. e3 e6 5. c4 c6 6. Nc3 Bb4 7. Qb3 Qa5 8. a3
Bxc3+ 9. bxc3 Ne4 10. Qb4 Qxb4 11. cxb4 Nd7 12. Nh4 g5 13. Nxf5 gxf4 14. Nh4
fxe3 15. fxe3 Rg8 16. Bd3 Rg4 17. g3 f5 18. Rc1 Ndf6 19. Nf3 Rg7 20. Ne5 Nd7 21.
cxd5 Nxe5 22. dxe5 cxd5 23. O-O Kd8 24. Kg2 Rc8 25. Rxc8+ Kxc8 26. Bxe4 dxe4 27.
Rc1+ Rc7 28. Rxc7+ Kxc7 29. g4 fxg4 30. Kg3 Kc6 31. Kxg4 Kd5 32. Kg5 Kxe5 33.
Kh6 Kf5 34. h3 Kf6 35. b5 a5 36. bxa6 bxa6 37. a4 a5 38. Kxh7 Kg5 39. Kg7 Kh4
40. Kf6 Kxh3 41. Kxe6 Kg3 42. Ke5 Kf3 43. Kd4 Kg4 44. Kxe4 Kg5 45. Kd5 Kf6 46.
e4 Ke7 47. Ke5 Kd7 48. Kf6 Ke8 49. Ke6 Kd8 50. Kf7 Kd7 51. e5 Kd8 52. e6 Kc7 53.
e7 Kc6 54. e8=Q+ Kd5 55. Qb5+ 1-0

[Event "PRO League Group Stage"]
[Site "chess.com INT"]
[Date "2018.01.31"]
[Round "3"]
[White "Becerra Rivero, Julio"]
[Black "Fedoseev, Vladimir3"]
[Result "0-1"]
[WhiteTitle "GM"]
[BlackTitle "GM"]
[WhiteElo "2531"]
[BlackElo "2724"]
[WhiteTeam "Miami Champions"]
[BlackTeam "Saint Louis Arch Bishops"]
[WhiteFideId "3501728"]
[BlackFideId "24130737"]
[EventDate "2018.01.18"]

1. e4 e5 2. Nf3 Nc6 3. Bb5 a6 4. Ba4 Nf6 5. O-O Be7 6. Re1 b5 7. Bb3 O-O 8. d4
d6 9. c3 Bg4 10. d5 Na5 11. Bc2 c6 12. h3 Bd7 13. Nxe5 dxe5 14. d6 c5 15. Bg5
Be6 16. dxe7 Qxe7 17. Nd2 h6 18. Be3 Rfd8 19. Qe2 Nd7 20. b3 Nc6 21. Red1 b4 22.
cxb4 Nxb4 23. Bb1 Nc6 24. Bd3 a5 25. Bc4 Nd4 26. Qf1 a4 27. Rac1 Rdb8 28. f4
axb3 29. axb3 Bxc4 30. Qxc4 Rb4 31. Qd3 Rab8 32. Rc3 exf4 33. Bxf4 R8b6 34. Nc4
Rxb3 35. Re1 Rxc3 36. Qxc3 Rb3 37. Qc1 Qe6 38. Kh2 Nf6 39. Nd6 Nh5 40. Qxc5 Nxf4
41. Qxd4 Rd3 0-1

[Event "PRO League Group Stage"]
[Site "chess.com INT"]
[Date "2018.01.31"]
[Round "3"]
[White "Becerra Rivero, Julio"]
[Black "Ramirez, Alejandro"]
[Result "1-0"]
[WhiteTitle "GM"]
[BlackTitle "GM"]
[WhiteElo "2531"]
[BlackElo "2568"]
[WhiteTeam "Miami Champions"]
[BlackTeam "Saint Louis Arch Bishops"]
[WhiteFideId "3501728"]
[BlackFideId "6500617"]
[EventDate "2018.01.18"]

1. e4 c5 2. Nf3 e6 3. Nc3 Nc6 4. d4 cxd4 5. Nxd4 Qc7 6. Be3 a6 7. Bd3 d6 8. a4
Bd7 9. Nb3 Na5 10. Nxa5 Qxa5 11. O-O Nf6 12. f4 Be7 13. Kh1 Rc8 14. Qe1 Bc6 15.
f5 e5 16. Qg3 Kf8 17. Bd2 Qc7 18. a5 d5 19. exd5 Nxd5 20. Nxd5 Bxd5 21. c4 Bc6
22. f6 Bxf6 23. Rxf6 gxf6 24. Bb4+ Ke8 25. Qg7 e4 26. Qxh8+ Kd7 27. Qxh7 exd3
28. Qxf7+ Kd8 29. Qxf6+ 1-0

[Event "PRO League Group Stage"]
[Site "chess.com INT"]
[Date "2018.01.31"]
[Round "3"]
[White "Tan, Justin2"]
[Black "Maze, Sebastien"]
[Result "0-1"]
[WhiteTitle "IM"]
[BlackTitle "GM"]
[WhiteElo "2466"]
[BlackElo "2620"]
[WhiteTeam "London Lions"]
[BlackTeam "Marseille Migraines"]
[WhiteFideId "3206882"]
[BlackFideId "613762"]
[EventDate "2018.01.18"]

1. e4 c5 2. Nf3 Nc6 3. c3 d6 4. d4 Nf6 5. Bd3 g6 6. O-O Bg7 7. d5 Nb8 8. h3 O-O
9. Bf4 b5 10. Re1 Qb6 11. Qc1 e5 12. dxe6 Bxe6 13. e5 dxe5 14. Nxe5 c4 15. Bf1
Nc6 16. Nxc6 Qxc6 17. Bh6 Rad8 18. Bxg7 Kxg7 19. a4 a6 20. axb5 axb5 21. Na3 Qc5
22. Nc2 Bd5 23. Qe3 Qxe3 24. Rxe3 Ra8 25. Ree1 Rfb8 26. Nb4 Kf8 27. Kh2 Rxa1 28.
Rxa1 Ra8 29. Rd1 Be6 30. Be2 Nd7 31. Kg3 Nb6 32. Bf3 Rb8 33. Kf4 Na4 34. Rd2 h6
35. Ke5 Kg7 36. Bc6 Bf5 37. g4 Bd3 38. Kd6 Bf1 39. Kc7 Rf8 40. Na6 Bxh3 41. Bxb5
Ra8 42. f3 h5 43. Kb7 Rh8 44. Bxa4 h4 45. Rf2 f5 46. Bd7 Kf6 47. Nc5 Ke5 48.
gxf5 gxf5 49. f4+ Kd6 50. Kb6 Rb8+ 51. Ka7 Rh8 52. Kb6 Rb8+ 53. Ka7 Rh8 54. Kb6
Rb8+ 55. Nb7+ Kxd7 56. Rh2 Bg4 57. Rxh4 Bf3 58. Rh7+ Ke6 59. Rc7 Rxb7+ 60. Rxb7
Bxb7 61. Kxb7 Kd5 62. Kb6 Ke4 63. Kc5 Kxf4 64. Kxc4 Ke3 65. b4 f4 66. b5 f3 67.
b6 f2 68. Kc5 f1=Q 69. b7 Qf8+ 70. Kc6 Qb8 71. c4 Kd4 72. c5 Kc4 73. Kb6 Kd5 74.
c6 Kd6 75. c7 Qxc7+ 76. Ka7 Kc6 0-1

[Event "PRO League Group Stage"]
[Site "chess.com INT"]
[Date "2018.01.31"]
[Round "3"]
[White "Tan, Justin2"]
[Black "Gozzoli, Yannick"]
[Result "0-1"]
[WhiteTitle "IM"]
[BlackTitle "GM"]
[WhiteElo "2466"]
[BlackElo "2565"]
[WhiteTeam "London Lions"]
[BlackTeam "Marseille Migraines"]
[WhiteFideId "3206882"]
[BlackFideId "616915"]
[EventDate "2018.01.18"]

1. e4 e5 2. Nf3 Nc6 3. Nc3 Nf6 4. a3 d5 5. Bb5 d4 6. Ne2 Bd6 7. c3 dxc3 8. d4
Nxe4 9. d5 a6 10. Ba4 Bc5 11. Be3 Bxe3 12. fxe3 cxb2 13. Rb1 b5 14. Bc2 Ne7 15.
Bxe4 f5 16. Bc2 e4 17. Ne5 Qxd5 18. Bb3 Qxe5 0-1

[Event "PRO League Group Stage"]
[Site "chess.com INT"]
[Date "2018.01.31"]
[Round "3"]
[White "Admiraal, Miguoel"]
[Black "Alekseenko, Kirill"]
[Result "0-1"]
[WhiteTitle "IM"]
[BlackTitle "GM"]
[WhiteElo "2453"]
[BlackElo "2594"]
[WhiteTeam "Amsterdam Mosquitoes"]
[BlackTeam "Stockholm Snowballs"]
[WhiteFideId "1019716"]
[BlackFideId "4135539"]
[EventDate "2018.01.18"]

1. e4 c5 2. Nf3 Nc6 3. Bb5 e6 4. O-O Nge7 5. d4 cxd4 6. Nxd4 Ng6 7. Be2 Be7 8.
c4 O-O 9. Nc3 Nxd4 10. Qxd4 b6 11. Be3 Bb7 12. Rad1 Bc6 13. a3 f5 14. exf5 Rxf5
15. b4 Nh4 16. f3 Qe8 17. Rf2 Qg6 18. Ne4 Rf7 19. Ng3 Bf6 20. Qd3 Be5 21. Qxg6
Nxg6 22. Bd3 Nf4 23. Be4 Rc8 24. Rc2 Ba4 25. Rdc1 Bxc2 26. Rxc2 d5 27. cxd5 Rxc2
28. Bxc2 Nxd5 29. Bd2 Rc7 30. Bb3 Bc3 31. Bxd5 exd5 32. Bf4 Rc4 33. Bb8 a5 34.
bxa5 bxa5 35. Kf1 Bb2 36. Nf5 Bxa3 37. Ne3 Rc8 38. Be5 Re8 39. Bd4 Bb2 40. Bxb2
Rxe3 41. Kf2 Rb3 42. Bd4 a4 43. Be5 a3 44. Kg3 a2 45. Kg4 d4 46. Bxd4 Rb4 47.
Kh5 Rxd4 48. g4 a1=Q 49. f4 Rxf4 50. h4 Qe5+ 0-1

[Event "PRO League Group Stage"]
[Site "chess.com INT"]
[Date "2018.01.31"]
[Round "3"]
[White "Admiraal, Miguoel"]
[Black "Agrest, Evgenij"]
[Result "1-0"]
[WhiteTitle "IM"]
[BlackTitle "GM"]
[WhiteElo "2453"]
[BlackElo "2584"]
[WhiteTeam "Amsterdam Mosquitoes"]
[BlackTeam "Stockholm Snowballs"]
[WhiteFideId "1019716"]
[BlackFideId "1705024"]
[EventDate "2018.01.18"]

1. e4 c6 2. d4 d5 3. exd5 cxd5 4. Nf3 Nf6 5. Bf4 Bg4 6. c3 Nc6 7. Nbd2 e6 8. Qb3
Qc8 9. Ne5 Nxe5 10. Bxe5 Nd7 11. Bd3 Bh5 12. O-O Bg6 13. Bxg6 hxg6 14. Bg3 Qc6
15. c4 dxc4 16. Nxc4 Qd5 17. Rfe1 Rh5 18. Rac1 Be7 19. Qd3 Kf8 20. Ne3 Qb5 21.
Qc2 Re8 22. h3 Bg5 23. a4 Qa6 24. b4 Bxe3 25. fxe3 b5 26. Qc7 Rd5 27. a5 Nb8 28.
Rf1 Rd7 29. Qc5+ Kg8 30. Bxb8 Rxb8 31. Qc6 Qxc6 32. Rxc6 Re8 33. Rc5 a6 34. Rc6
e5 35. Rd1 Re6 36. Rc8+ Kh7 37. d5 e4 38. Rc5 Red6 39. Kf2 f5 40. g4 Kh6 41. Kg3
Rf6 42. h4 fxg4 43. Kxg4 Rf5 44. Rd4 Re5 45. d6 Re6 46. Rc6 Kh7 47. Rxa6 Kg8 48.
Rb6 Re8 49. Rxb5 Red8 50. Rb6 Kf7 51. a6 Kf6 52. Rb7 Rxd6 53. Rxd6+ Rxd6 54. a7
Ra6 55. b5 Ra1 56. Rb6+ Ke5 57. Ra6 Rg1+ 58. Kh3 Rh1+ 59. Kg2 Rxh4 60. a8=Q 1-0

[Event "PRO League Group Stage"]
[Site "chess.com INT"]
[Date "2018.01.31"]
[Round "3"]
[White "Kantans, Toms"]
[Black "Dudukin, Ilya"]
[Result "1-0"]
[WhiteTitle "GM"]
[BlackTitle "FM"]
[WhiteElo "2478"]
[BlackElo "2396"]
[WhiteTeam "Riga Magicians"]
[BlackTeam "Volga Stormbringers"]
[WhiteFideId "11602945"]
[BlackFideId "4148576"]
[EventDate "2018.01.18"]

1. e4 c5 2. Nf3 Nc6 3. Bb5 Nf6 4. Qe2 d5 5. exd5 Nxd5 6. Bxc6+ bxc6 7. d3 e6 8.
O-O Be7 9. Nbd2 O-O 10. Ne4 Rb8 11. Ne5 Qc7 12. Nc4 e5 13. Re1 f6 14. Bd2 Be6
15. b3 Bf7 16. Qf3 Nb4 17. Rec1 Kh8 18. a3 Nd5 19. Re1 Bg8 20. Re2 Rbe8 21. Rae1
Qd8 22. Ng3 Qd7 23. h3 Nc7 24. Nf5 Ne6 25. Qg4 Qc7 26. f4 g6 27. Nxe7 Rxe7 28.
fxe5 Nd4 29. Rf2 Nxc2 30. Ref1 f5 31. Qh4 Bxc4 32. dxc4 Nd4 33. Bg5 Re6 34. Bf6+
Kg8 35. b4 Qb6 36. Kh1 cxb4 37. axb4 c5 38. Be7 Rxe7 39. Qxe7 Qxb4 40. Qxa7 Qxc4
41. Rb1 Qd5 42. Qe7 Rf7 43. Rb8+ Kg7 44. Qe8 Kh6 45. Rd8 Qe4 46. Rf1 Rb7 47.
Qf8+ Kh5 48. Qh8 h6 49. e6 Rb2 50. Rg1 Ne2 51. Qxb2 Ng3+ 52. Kh2 Qf4 53. Re1
Ne2+ 54. Kh1 Ng3+ 55. Kg1 Ne4 56. Qe2+ Kg5 57. e7 Qe5 58. e8=Q 1-0